[Event "Russia-China Match 2019"]
[Site "Moscow"]
[Date "2019.11.27"]
[Round "2.4"]
[White "Xu, Yinglun"]
[Black "Predke, Alexandr"]
[Result "0-1"]
[WhiteElo "2554"]
[BlackElo "2676"]
[Annotator "TA"]
[PlyCount "94"]
[EventDate "2019.11.26"]
[EventType "schev"]
[EventCountry "RUS"]
[SourceTitle "playchess.com"]
[Source "ChessBase"]
[SourceQuality "1"]

{[%evp 16,94,10,0,17,6,26,-10,0,0,17,17,14,10,30,8,9,8,6,0,13,1,2,12,0,-18,-26,-30,23,12,10,-5,7,4,19,21,22,20,35,0,0,0,0,-70,-70,-60,-84,-66,-77,-57,-11,-61,-31,-58,-56,-81,-50,-106,-106,-98,-85,-208,-202,-215,-239,-238,-224,-244,-227,-214,-185,-447,-436,-681,-456,-454,-482,-732,-697,-790,-765]} 1. c4 e5 2. Nc3 Nf6 3. Nf3 Nc6 4. g3 d5 5. cxd5 Nxd5 6. Bg2 Nxc3 7. bxc3 Bc5 8. d3 O-O 9. O-O Rb8 {A29: English Opening: Four Knights Variation with 4 g3} 10. Nd2 Be6 11. a4 $146 ({Predecessor:} 11. Ne4 Be7 12. Bb2 Qd7 13. Qa4 Bh3 14. Nd2 Bxg2 15. Kxg2 b5 16. Qc2 f5 17. Rad1 {½-½ (45) Gordievsky,D (2615)-Dubov,D (2709) Moscow 2018}) 11... Qd7 {The position is equal.} 12. a5 Bh3 13. Bxh3 Qxh3 14. Qa4 Qe6 15. Qb3 Qd7 16. Qb5 Qd5 {White must now prevent ...Bxf2+!} 17. e3 {Hoping for d4.} a6 18. Qc4 Rfd8 19. d4 Bf8 20. Qxd5 Rxd5 21. Nc4 $1 e4 ({Better is} 21... Rb5) 22. Bd2 Rb5 23. f3 f5 24. g4 Re8 25. gxf5 Rxf5 26. f4 Rb5 27. Ne5 Nxa5 28. c4 Rbxe5 $1 29. Bxa5 ({White should play} 29. fxe5 $11 Nxc4 30. Ra2) 29... R5e6 $15 30. Bxc7 Rc6 31. Be5 Rxc4 32. f5 Kf7 33. Rf4 Ra8 34. Rxe4 b5 35. Kf2 a5 36. Kf3 (36. Rg1 $15) 36... a4 $17 37. d5 Rc5 38. d6 (38. Rd4 $17) 38... Rd5 39. Rc1 {aiming for Rc7+.} Bxd6 40. Bxd6 Rxd6 $19 {[%mdl 4096] Endgame KRR-KRR} 41. Rc7+ Kf6 {...a3 is the strong threat.} 42. Ree7 {Threatens to win with e4.} a3 $1 {[%cal Ba4a3,Ba3a2][%mdl 32] Strongly threatening ...a2.} 43. Rf7+ $2 (43. h4 Kxf5 44. e4+ Kg6 45. Rxg7+ Kh5 46. Rxh7+ Rh6 47. Rc5+ Kg6 48. Rhc7) 43... Ke5 $1 {Black is clearly winning.} 44. Rc5+ Rd5 45. Rc6 {[%csl Gf5][%cal Rc6e6] [#]} Rdd8 $1 46. Rc5+ {[#]} (46. Re7+ $142 Kd5 47. Rc1) 46... Kd6 $1 {[%cal Rd6c5]} 47. Rfc7 a2 {Accuracy: White = 44%, Black = 45%.} 0-1

[Event "Russia-China Match 2019"]
[Site "Moscow"]
[Date "2019.11.27"]
[Round "2.5"]
[White "Wen, Yang"]
[Black "Fedoseev, Vladimir"]
[Result "1/2-1/2"]
[WhiteElo "2586"]
[BlackElo "2672"]
[Annotator "TA"]
[PlyCount "60"]
[EventDate "2019.11.26"]
[EventType "schev"]
[EventCountry "RUS"]
[SourceTitle "playchess.com"]
[Source "ChessBase"]
[SourceQuality "1"]

{[%evp 10,60,36,0,35,29,34,33,32,35,37,40,66,31,43,30,59,55,64,43,59,72,58,47,58,31,17,0,0,0,0,0,118,118,106,104,105,116,102,59,177,116,127,106,115,111,95,0,0,0,99,0,0]} 1. e4 c6 2. Nc3 d5 3. Nf3 Bg4 4. h3 Bxf3 5. Qxf3 Nf6 6. g3 e5 $146 {B11: Caro-Kann: Two Knights Variation} ({Predecessor:} 6... dxe4 7. Nxe4 Nxe4 8. Qxe4 e6 9. Bg2 Nd7 10. O-O Be7 11. d4 O-O 12. Rd1 Nf6 13. Qe2 Qb6 14. c4 {½-½ (32) Wang,H (2709)-Esipenko,A (2564) Riadh 2017}) 7. exd5 cxd5 8. Bg2 {[%cal Rc3d5]} e4 {White is slightly better.} 9. Qe2 Bb4 10. a3 Bxc3 11. Qb5+ Nbd7 {[#] aiming for ...Be5.} 12. dxc3 Qc8 13. Bf4 O-O 14. O-O-O a6 15. Qb4 Re8 16. Rhe1 Ne5 17. Qd4 Qf5 18. b3 Rac8 19. Kb2 h5 20. a4 Nf3 (20... Nc6 $11 {remains equal.} 21. Qd2 Ne5) 21. Bxf3 $1 $16 exf3 {[#]} 22. Re5 $1 $36 {[%cal Re5f5][%mdl 2048] White is on the roll.} Rxe5 23. Bxe5 Ne4 24. Bxg7 Rxc3 (24... Qg5 $1 $14) 25. Bh6 ({White should try} 25. g4 $18 hxg4 26. hxg4) 25... Qg6 26. Bf4 ({Not} 26. Qxd5 Nxf2 27. Kxc3 Nxd1+ 28. Qxd1 Qf6+ 29. Kd2 Qd6+ 30. Kc1 Qxh6+ 31. Qd2 Qf6 $15) 26... Qc6 27. Rc1 {Bd2 is the strong threat.} Qe6 28. Rd1 Qc6 29. Rc1 {Strongly threatening Bd2.} Qe6 $1 30. Rd1 ({Better is} 30. Qe5 $16) 30... Qc6 {Accuracy: White = 61%, Black = 58%.} 1/2-1/2

[Event "Russia-China Match 2019"]
[Site "Moscow"]
[Date "2019.11.28"]
[Round "3.1"]
[White "Lu, Shanglei"]
[Black "Chigaev, Maksim"]
[Result "1-0"]
[WhiteElo "2611"]
[BlackElo "2623"]
[Annotator "TA"]
[PlyCount "39"]
[EventDate "2019.11.26"]
[EventType "schev"]
[EventCountry "RUS"]
[SourceTitle "playchess.com"]
[Source "ChessBase"]
[SourceQuality "1"]

{[%evp 23,88,33,47,41,52,59,65,66,68,63,87,89,86,83,93,90,78,88,85,68,82,43,75,85,120,113,117,137,137,141,187,218,221,218,253,252,249,250,286,293,277,235,236,265,236,252,268,236,268,270,278,272,239,237,289,290,295,288,298,281,385,393,407,389,464,447,566]} 1. e4 e5 2. Nf3 Nc6 3. Bc4 Bc5 4. O-O d6 5. c3 Nf6 6. d3 a6 7. Bb3 Ba7 8. Nbd2 h6 9. Re1 O-O 10. h3 Ne7 11. Nf1 Ng6 12. Ng3 Re8 13. d4 {C54: Giuoco Piano: 4 c3 Nf6, main lines with 5 d4 and 5 d3} Bd7 (13... c6 14. Be3 exd4 15. Bxd4 c5 {½-½ (15) Andreikin,D (2719)-Mamedyarov,S (2817) St Petersburg 2018}) 14. Be3 c5 {[#]} 15. dxe5 $146 {White is slightly better.} ({Predecessor:} 15. dxc5 Bxc5 16. Qd2 Be6 17. Rad1 Bxe3 18. Rxe3 Qa5 19. Qc2 Rad8 20. Bxe6 fxe6 {0-1 (75) Savic,M (2511)-Acs,P (2588) Hungary 2017}) 15... dxe5 16. Qd6 Qe7 17. Qxe7 Rxe7 18. Nf5 Bxf5 19. exf5 Nf8 20. Nd2 {Played: Be3-f4} 1-0

[Event "Russia-China Match 2019"]
[Site "Moscow"]
[Date "2019.11.28"]
[Round "3.2"]
[White "Bai, Jinshi"]
[Black "Esipenko, Andrey"]
[Result "1/2-1/2"]
[WhiteElo "2600"]
[BlackElo "2636"]
[Annotator "TA"]
[PlyCount "120"]
[EventDate "2019.11.26"]
[EventType "schev"]
[EventCountry "RUS"]
[SourceTitle "playchess.com"]
[Source "ChessBase"]
[SourceQuality "1"]

{[%evp 18,120,19,17,24,18,35,27,38,27,39,1,17,16,30,29,29,26,47,29,59,59,47,18,18,6,48,38,49,50,49,40,37,20,50,20,20,20,20,20,20,20,20,17,17,13,18,18,41,14,14,13,14,12,18,13,23,0,17,0,22,22,54,12,12,12,33,32,36,28,35,27,72,72,72,72,72,72,72,72,72,72,72,71,72,45,45,45,51,13,13,13,13,13,13,13,13,13,15,0,0,0,15,0,0]} 1. d4 Nf6 2. c4 e6 3. Nf3 d5 4. Nc3 Be7 5. Bf4 O-O 6. e3 c5 7. dxc5 Bxc5 8. cxd5 Nxd5 9. Nxd5 exd5 10. Bd3 Bb4+ {D37: Queen's Gambit Declined: 5 Bf4} 11. Nd2 d4 {[#] White must now prevent ...dxe3.} 12. Qc2 h6 {White has an edge.} 13. O-O Nc6 {[#]} 14. Nf3 $146 ({Predecessor:} 14. a3 Bd6 15. Bxd6 Qxd6 16. e4 Ne5 17. Nc4 Nxc4 18. Qxc4 {½-½ (33) Radjabov,T (2756)-Anand,V (2779) Shamkir 2019}) 14... Qf6 15. Bh7+ Kh8 16. Be4 dxe3 17. Bxe3 Bg4 18. Qa4 {[#] Hoping for Bxc6.} Qe7 19. Bxc6 bxc6 20. Qxc6 Rac8 21. Qd5 Rfd8 22. Qe5 Bxf3 23. Qxe7 Bxe7 24. gxf3 Bf6 25. Rad1 Bxb2 26. Bxa7 Rxd1 27. Rxd1 $11 {[%mdl 4096] Endgame KRB-KRB} Rc4 $1 28. Rd2 Ra4 29. Be3 Be5 30. Kg2 Kh7 31. Bc5 Kg6 32. a3 Rc4 33. Be7 Kf5 34. h3 Ke6 35. Bb4 Rc8 36. Rd3 Rc2 37. Rd2 Rc8 38. Rd3 Rc2 39. a4 {[%cal Ba3a4,Ba4a5][%mdl 32]} Ra2 40. a5 {White wants to play Ra3.} Ra4 41. Bd2 Bc7 42. Re3+ Kd7 $1 43. Re4 Ra2 44. Bb4 Bxa5 45. Re7+ Kd8 46. Ra7 Rxf2+ 47. Kg3 Bxb4 $16 {KRB-KR} 48. Ra8+ Ke7 49. Kxf2 {KR-KB} Kf6 50. Ke3 Kf5 51. Rc8 Bd6 52. Rc6 Bf4+ 53. Kd4 Be5+ {The position is equal.} 54. Kd5 h5 55. Rc4 g5 56. Re4 f6 57. Ra4 Bf4 58. Ra6 Be5 59. Ra4 Bf4 60. Ra6 Be5 {Accuracy: White = 51%, Black = 68%.} 1/2-1/2

[Event "Russia-China Match 2019"]
[Site "Moscow"]
[Date "2019.11.28"]
[Round "3.3"]
[White "Predke, Alexandr"]
[Black "Xu, Xiangyu"]
[Result "1/2-1/2"]
[WhiteElo "2676"]
[BlackElo "2583"]
[Annotator "TA"]
[PlyCount "83"]
[EventDate "2019.11.26"]
[EventType "schev"]
[EventCountry "RUS"]
[SourceTitle "playchess.com"]
[Source "ChessBase"]
[SourceQuality "1"]

{[%evp 11,83,10,32,30,37,22,33,26,21,29,35,16,17,12,10,12,25,24,21,35,33,20,20,26,29,34,35,46,46,0,0,0,0,0,0,-7,0,0,0,0,0,0,12,12,12,12,12,12,12,12,12,12,12,12,12,12,12,12,21,12,12,12,12,12,12,12,12,12,12,0,0,0,12,0]} 1. e4 e5 2. Nf3 Nf6 3. Nxe5 d6 4. Nf3 Nxe4 5. Nc3 Nxc3 6. dxc3 Nc6 7. Be3 {C42: Petroff Defence: 3 Nxe5 and unusual White 3rd moves} Bf5 8. Qd2 Be7 9. O-O-O {White is slightly better.} Qd7 10. Kb1 (10. Bc4 Bf6 11. Nd4 Nxd4 12. Bxd4 Bxd4 13. Qxd4 O-O 14. Rhe1 b6 15. Bd5 Rae8 16. Qc4 {½-½ (30) Vachier Lagrave,M (2774)-Yu,Y (2763) Khanty-Mansiysk 2019}) 10... O-O 11. h4 Rfe8 12. Bb5 a6 13. Bxc6 bxc6 $146 ({Predecessor:} 13... Qxc6 14. Nd4 Qd5 15. Nxf5 Qxf5 16. Rdg1 h5 17. Qd1 {½-½ (27) Gerola,G (2495)-Palladino,M (2163) ICCF email 2016}) 14. Ne5 dxe5 15. Qxd7 Bxd7 16. Rxd7 Bd6 17. c4 Kf8 {[#] White must now prevent ...Re6.} 18. c5 Re7 19. Rxe7 Bxe7 $14 {[%mdl 4096] Endgame KRB-KRB} 20. g4 (20. c3 $14) 20... h5 $1 $11 {[%cal Rh5g4] The position is equal.} 21. f3 g6 22. gxh5 gxh5 23. Rg1 {[#] Threatens to win with Bh6+.} Bxh4 (23... Rd8 {with more complications.} 24. a4 Bf6 25. Re1 Re8 26. c3 e4) 24. Rh1 Bf6 25. Rxh5 Ke7 26. Kc1 Ke6 27. Kd2 Rd8+ 28. Ke2 Rh8 29. Rxh8 Bxh8 {KB-KB} 30. b4 f5 31. Kd3 Bf6 32. Bd2 Kd5 {White should prevent ...e4+.} 33. c4+ Ke6 34. a4 Kd7 35. Bc3 e4+ 36. fxe4 fxe4+ 37. Kd2 Bg5+ $1 ({Much worse is} 37... e3+ $6 38. Kd3 $16) 38. Ke2 Kc8 39. Bd2 Bf6 40. Ke3 Bg5+ 41. Ke2 Bf6 42. Ke3 {Accuracy: White = 65%, Black = 77%.} 1/2-1/2

[Event "Russia-China Match 2019"]
[Site "Moscow"]
[Date "2019.11.28"]
[Round "3.4"]
[White "Fedoseev, Vladimir"]
[Black "Xu, Yinglun"]
[Result "1-0"]
[WhiteElo "2672"]
[BlackElo "2554"]
[Annotator "TA RC"]
[PlyCount "39"]
[EventDate "2019.11.26"]
[EventType "schev"]
[EventCountry "RUS"]
[SourceTitle "playchess.com"]
[Source "ChessBase"]
[SourceQuality "1"]

{[%evp 24,81,29,22,19,22,47,29,43,29,29,27,22,26,59,62,53,42,226,229,218,173,168,177,171,174,170,136,133,126,153,142,151,139,137,141,141,126,168,165,170,149,230,220,280,264,668,654,604,527,475,257,429,425,869,812,858,748,6395,6302]} 1. d4 e6 2. c4 d5 3. Nc3 Nf6 4. Nf3 c5 5. e3 Nc6 6. a3 a6 7. cxd5 exd5 8. Be2 Bd6 9. dxc5 Bxc5 10. b4 Bd6 11. Bb2 O-O 12. O-O Be6 13. Rc1 Rc8 {D32: Tarrasch Defence: Sidelines and lines without g3} 14. Na4 Ne4 {[#]} 15. Nd4 $146 ({Predecessor:} 15. Nc5 Qe7 16. Nd3 Rfd8 17. Nde5 f6 18. Nxc6 Rxc6 19. Rxc6 bxc6 20. Bxa6 c5 21. bxc5 Bxc5 22. Nd4 Bf7 23. Nc6 {1-0 (23) Matlakov,M (2676)-Martynov,P (2303) St Petersburg 2013}) 15... Bd7 {White has an edge.} 16. Nc5 Bxc5 (16... Qh4 $2 17. Nf3 $18) 17. Nxc6 Rxc6 18. bxc5 (18. Qxd5 Rg6 $15) 18... Rg6 19. Bh5 $1 {[%cal Rh5g6]} (19. Qxd5 $2 Rxg2+ $1 {[%mdl 512]} 20. Kxg2 Bh3+ 21. Kxh3 Qxd5 $19) 19... Rh6 20. Qd4 {Played: Qd1xd5} 1-0

[Event "Russia-China Match 2019"]
[Site "Moscow"]
[Date "2019.11.28"]
[Round "3.5"]
[White "Wen, Yang"]
[Black "Sarana, Alexey"]
[Result "1-0"]
[WhiteElo "2586"]
[BlackElo "2664"]
[Annotator "TA"]
[PlyCount "127"]
[EventDate "2019.11.26"]
[EventType "schev"]
[EventCountry "RUS"]
[SourceTitle "playchess.com"]
[Source "ChessBase"]
[SourceQuality "1"]

{[%evp 13,127,8,8,7,22,9,15,17,22,11,17,15,16,17,16,2,14,7,13,8,29,24,28,24,40,42,38,12,44,42,60,48,52,50,82,82,100,95,129,122,113,132,172,169,211,196,179,187,363,368,491,483,586,472,536,372,438,444,441,433,369,345,367,361,379,377,377,365,345,125,272,122,128,0,283,285,278,272,202,150,211,150,318,287,263,244,254,252,247,249,236,244,234,125,225,0,179,0,224,219,204,200,508,488,478,468,2387,2338,2060,1756,1284,1202,12840,12837,12837,12832]} 1. e4 c5 2. Nf3 d6 3. Bb5+ Nd7 4. d4 cxd4 5. Qxd4 a6 6. Bxd7+ Bxd7 7. Nc3 e5 8. Qd3 {B51: Sicilian: Moscow Variation (3 Bb5+) without 3...Bd7} Rc8 9. O-O Qc7 10. Rd1 {The position is equal.} Be7 11. a4 Be6 12. Nd2 Nf6 13. Nf1 Qc4 14. Ne3 Qxd3 15. Rxd3 {[#]} Rc6 $146 ({Predecessor:} 15... Kd7) 16. Bd2 Kd7 17. f3 Rb8 18. b3 Bd8 19. a5 b6 20. Ncd1 b5 21. Bb4 Nh5 22. g3 $36 {[%mdl 2048] White has the initiative.} g6 23. Nc3 Be7 24. Rad1 Bf8 25. Ncd5 Bxd5 26. Nxd5 Ke6 27. f4 f6 28. c3 $1 exf4 29. g4 {[%mdl 64] Zwischenzug} ({Don't do} 29. gxf4 $6 Re8 $16) (29. Nxf4+ Nxf4 30. gxf4 f5 $14) 29... Ng7 30. Nxf4+ Kd7 $2 (30... Kf7 31. Bxd6 Rbc8) 31. Rh3 $18 g5 32. Nd5 Be7 33. Rh6 Re8 34. Kg2 Bd8 35. Rxh7 Rg8 36. Ne3 Kc8 37. Nf5 Nxf5 38. exf5 (38. gxf5 Re8 $18) 38... Re8 39. Kf3 Rc7 40. Rxc7+ Bxc7 {[%mdl 4096] Endgame KRB-KRB} 41. Rd4 $2 ({Weaker is} 41. Bxd6 Rd8 $15) (41. c4 $18 {and the rest is easy.}) 41... Rh8 (41... Kd7 $16) 42. Kg2 (42. Bxd6 $18 {is more deadly.} Bxa5 43. c4) 42... Re8 $16 43. Kf3 $2 (43. Kf2 $16) 43... Rh8 $1 $18 44. Bxd6 Bxa5 45. c4 bxc4 46. Rxc4+ Kd7 47. Bg3 Ra8 $2 (47... Bb6 $16 48. Rc3 Rd8) 48. Ke4 Re8+ 49. Kd5 Re3 50. Ra4 Bb6 51. Rb4 ({But not} 51. Rxa6 $6 Rxb3 52. Be1 Rb5+ 53. Kc4 Rc5+ 54. Kd3 Rd5+ 55. Kc4 Rc5+ 56. Kd3 Rd5+ 57. Kc2 Bd4 $16) 51... Bd8 52. Rb7+ Kc8 53. Rb8+ Kd7 54. Rb7+ Kc8 $1 {[%cal Rc8b7]} 55. Rb8+ Kd7 {[#]} 56. b4 $1 Rd3+ {[#]} 57. Kc4 $1 Re3 $2 (57... Rd2 {is a better chance.} 58. Ra8 Rc2+ 59. Kb3 Rc6 60. Ra7+ Ke8) 58. Ra8 {White is clearly winning.} Re4+ 59. Kc5 Rxg4 (59... Be7+ $142 60. Kd5 Rxg4 61. Rxa6 Kc8 62. Ra8+ Kb7 63. Rb8+ Ka7) 60. Rxa6 Re4 61. Ra7+ Ke8 62. Bd6 Re1 63. Kc6 g4 64. Rg7 {Accuracy: White = 67%, Black = 39%.} 1-0

[Event "Russia-China Match 2019"]
[Site "Moscow"]
[Date "2019.11.29"]
[Round "4.1"]
[White "Esipenko, Andrey"]
[Black "Lu, Shanglei"]
[Result "1-0"]
[WhiteElo "2636"]
[BlackElo "2611"]
[Annotator "TA"]
[PlyCount "98"]
[EventDate "2019.11.26"]
[EventType "schev"]
[EventCountry "RUS"]
[SourceTitle "playchess.com"]
[Source "ChessBase"]
[SourceQuality "1"]

{[%evp 15,98,23,29,0,12,10,27,20,22,3,2,7,20,35,48,31,34,33,59,37,48,38,64,68,50,44,65,25,35,26,62,59,68,66,82,76,85,89,119,119,116,107,107,108,119,119,120,117,118,118,129,138,129,123,120,116,167,143,139,143,145,162,152,130,165,165,185,184,563,575,622,623,620,602,677,535,29987,29988,29988,29989,29989,6123,5189,4133,29991]} 1. d4 Nf6 2. c4 e6 3. Nf3 d5 4. g3 dxc4 5. Bg2 c5 6. O-O Nc6 7. Qa4 Bd7 8. Qxc4 b5 9. Qc3 {E04: Open Catalan: 5 Nf3} b4 10. Qd3 Rc8 11. dxc5 {White has an edge.} Bxc5 12. Nbd2 $146 {[%cal Bb1d2,Bd2b3,Bb3c5][%mdl 32]} ({Predecessor:} 12. Be3 Bxe3 13. Qxe3 O-O 14. Nbd2 e5 15. Nb3 e4 16. Nfd4 Nxd4 17. Nxd4 {½-½ (62) Wang,H (2709)-Harikrishna,P (2744) Huaian 2017}) 12... O-O 13. Nb3 Be7 14. Be3 Nd5 15. Bc5 Bxc5 16. Nxc5 Nce7 17. Rac1 Bc6 18. Nd4 {Hoping for Ncxe6!} Qa5 19. Qd2 Ba8 20. Ndb3 Qb5 21. e4 Nf6 22. Rfd1 $36 {[%mdl 2048] Black is under pressure.} e5 23. f3 Nc6 24. Qf2 Rfd8 25. Bh3 Rxd1+ 26. Rxd1 Rd8 27. Rxd8+ Nxd8 28. Bf1 Qb6 29. Nd3 Qxf2+ 30. Kxf2 Nc6 31. Ndc5 g5 32. Ke3 g4 {[#]} 33. f4 $1 Nh5 34. Be2 exf4+ 35. gxf4 Nf6 (35... f5 $16) 36. f5 Kf8 37. Kf4 h5 38. Bc4 Ke7 39. Nd3 Nd7 40. Bd5 Nf6 41. Kg5 Ne5 $2 (41... Nxd5 {is a better chance.} 42. exd5 f6+ 43. Kxh5 Ne5 44. Nxe5 (44. Nxb4 Kd6 $16) 44... fxe5) 42. Nxe5 $18 ({Weaker is} 42. Bxa8 Nxd3 43. Nd4 Nd7 $16) 42... Nxd5 43. exd5 f6+ 44. Kf4 fxe5+ 45. Kxe5 h4 {[#] Threatens to win with ...g3.} 46. d6+ Ke8 47. Nc5 Bc6 48. d7+ (48. Ke6 $142 Kd8 49. f6 Bb5 50. d7 Kc7 51. f7 Bc4+ 52. Ke7 Bxf7 53. d8=Q+ Kc6 54. Qd6+ Kb5 55. Kxf7) 48... Bxd7 49. Nxd7 g3 {Accuracy: White = 84%, Black = 51%.} 1-0

[Event "Russia-China Match 2019"]
[Site "Moscow"]
[Date "2019.11.29"]
[Round "4.2"]
[White "Predke, Alexandr"]
[Black "Bai, Jinshi"]
[Result "1/2-1/2"]
[WhiteElo "2676"]
[BlackElo "2600"]
[Annotator "TA"]
[PlyCount "109"]
[EventDate "2019.11.26"]
[EventType "schev"]
[EventCountry "RUS"]
[SourceTitle "playchess.com"]
[Source "ChessBase"]
[SourceQuality "1"]

{[%evp 9,109,22,10,3,16,9,29,26,29,29,30,20,18,10,18,14,12,0,15,25,52,27,38,39,44,41,44,45,45,48,45,45,50,45,61,56,55,49,43,40,55,50,53,21,52,21,21,22,22,20,20,20,41,16,15,0,0,0,0,0,13,0,0,8,14,12,14,16,14,14,16,10,12,11,22,0,0,0,0,0,0,0,0,0,0,0,0,0,0,0,0,0,0,0,0,0,0,0,0,0,0,0]} 1. e4 e5 2. Nf3 Nf6 3. d4 Nxe4 4. Bd3 Nc6 5. Nxe5 Nxe5 6. dxe5 {C43: Petroff Defence: 3 d4} Nc5 (6... d5 7. exd6 Nxd6 8. O-O Be7 9. Qh5 Be6 10. Re1 Qd7 11. Nc3 O-O-O 12. Nd5 Nf5 13. Nxe7+ Nxe7 14. Bg5 Bg4 15. Qxf7 Nd5 16. Qxd7+ Rxd7 17. h3 {1-0 (17) Guseinov,G (2654)-Popov,I (2599) Riga 2019}) 7. Bc4 d6 8. Qf3 {[%csl Gc4][%cal Rf3f7] [#] White has an edge.} Ne6 9. exd6 Bxd6 10. Nc3 O-O 11. Be3 Be5 12. Bd3 $146 ({Predecessor:} 12. Qe4 Bxc3+ 13. bxc3 {½-½ (51) Zunkovic,S (2177)-Cavalcanti,B (2150) ICCF email 2015}) 12... Qh4 13. O-O-O Bxc3 14. bxc3 c6 15. g3 Qe7 16. Qe4 {[%csl Gd3][%cal Re4h7] [#]} g6 17. Kb2 Re8 18. Rhe1 Nc7 19. Qxe7 Rxe7 20. Bd4 Rxe1 21. Rxe1 {And now Re7 would win.} Be6 22. c4 Na6 23. a3 b6 24. Kc3 Kf8 25. Be4 Rc8 26. h4 (26. Rb1 {feels hotter.} Bd5 27. Bd3 Be6 28. Be3 Kg7 29. Be2) 26... Nc5 27. Bxc5+ (27. Bf3 {with more complications.} Ke7 28. Be3 Nd7 29. h5 f6 30. Be2) 27... bxc5 $14 {[%mdl 4096] Endgame KRB-KRB} 28. Rb1 {White wants to play Rb7.} Rc7 $1 29. Rb8+ Bc8 30. g4 h6 31. f4 Ke7 {The position is equal.} 32. g5 hxg5 33. hxg5 Kd6 34. a4 {[%cal Ba3a4,Ba4a5][%mdl 32]} Ke7 35. a5 Kd6 36. Kd3 Ke7 37. Ke3 Kd6 38. Kf3 Be6 39. Bd3 Rc8 40. Rb7 Rc7 41. Rb1 Rc8 42. Ke3 Re8 43. Kd2 Kc7 44. Re1 Rd8 45. Re5 Kd6 46. Re1 Rh8 47. Rb1 Kc7 48. Ke3 Rh2 49. Kf3 Rh3+ 50. Kg2 {f5! is the strong threat.} Rh4 51. Kg3 Rh3+ 52. Kg2 Rh8 53. Kf3 Rh3+ 54. Kg2 {Hoping for f5!} Rh8 55. Kf3 {Accuracy: White = 70%, Black = 73%.} 1/2-1/2

[Event "Russia-China Match 2019"]
[Site "Moscow"]
[Date "2019.11.29"]
[Round "4.3"]
[White "Xu, Xiangyu"]
[Black "Fedoseev, Vladimir"]
[Result "0-1"]
[WhiteElo "2583"]
[BlackElo "2672"]
[Annotator "TA"]
[PlyCount "92"]
[EventDate "2019.11.26"]
[EventType "schev"]
[EventCountry "RUS"]
[SourceTitle "playchess.com"]
[Source "ChessBase"]
[SourceQuality "1"]

{[%evp 9,106,3,22,12,21,0,14,23,11,16,23,20,56,66,87,79,78,102,127,118,170,179,232,222,196,97,117,113,120,108,114,24,23,36,52,71,57,66,53,53,63,58,136,0,0,-167,-158,-137,-99,-92,-97,-162,-164,-166,-162,-210,-212,-160,-212,-200,-183,-204,-185,-230,-244,-236,-234,-333,-322,-336,-334,-310,-323,-316,-302,-397,-391,-456,-360,-439,-445,-458,-450,-574,-451,-591,-596,-582,-569,-566,-561,-470,-351,-5118,-765,-5118,-5118,-5118,-5083]} 1. d4 d5 2. Bf4 c5 3. e3 cxd4 4. exd4 Nc6 5. c3 g6 (5... Nf6 6. Nd2 Bf5 7. Ngf3 e6 8. Nh4 Bg6 9. Qb3 Qd7 10. Nxg6 hxg6 11. Bb5 Bd6 12. Bxd6 Qxd6 13. Nf3 O-O {0-1 (40) Shirov,A (2658)-Kovalenko,I (2654) Riga 2019}) 6. Nd2 {B13: Caro-Kann: Exchange Variation and Panov-Botvinnik Attack} Bh6 7. Ne2 $146 ({Predecessor:} 7. Bxh6 Nxh6 8. h4 Qd6 9. Bd3 Bg4 10. Ngf3 O-O-O 11. Qa4 e5 12. dxe5 Nxe5 13. Be2 Nxf3+ 14. Bxf3 {0-1 (27) Ladva,O (2498)-Sulskis,S (2507) Liepaja 2018}) 7... f6 8. Bxh6 {The position is equal.} Nxh6 9. g3 e5 10. Bg2 e4 11. Qb3 $36 {[%mdl 2048] Black is under pressure.} f5 12. Nf4 Ne7 13. c4 dxc4 14. Nxc4 ({But not} 14. Qxc4 $6 Ng4 $11) 14... g5 (14... Rb8 $16) 15. Nh5 $1 $18 Kf8 (15... Nf7 $142) 16. d5 $1 Nxd5 17. O-O-O (17. O-O $18) 17... Be6 $16 18. Ne3 $1 {[%cal Re3d5]} ({Inferior is} 18. Qxb7 Nf7 $11) 18... Rc8+ 19. Kb1 {[%cal Re3d5]} Rc5 20. Qxb7 ({White should try} 20. Qa4 $16) 20... Nf7 $1 $11 21. Qxa7 Qa5 22. Qxa5 $1 Rxa5 23. Nxd5 Bxd5 24. a3 {Black must now prevent b4.} Ke7 25. h4 $1 h6 (25... Rb8 $14) 26. Rhe1 (26. b4 $16 Rb8 27. Kc2) 26... Ne5 {...Rb8 is the strong threat.} 27. f3 $2 {[#]} (27. b4 $11 Rb8 28. Kc1 Rc8+ 29. Kb1) 27... Bf7 $1 $19 {[%cal Rf7h5][%mdl 1024] Black has strong compensation.} 28. g4 f4 29. Ng7 {Threatens to win with Nf5+.} Bg6 30. h5 (30. fxe4 $17 Nxg4 31. Rd4) 30... Bh7 31. fxe4 Nxg4 32. Bh3 {[#]} Ne3 $1 {[%cal Re3d1]} 33. Nf5+ Bxf5 34. exf5 Ra6 35. Rd3 Kf6 36. Rdxe3 fxe3 37. Rxe3 {[%mdl 4096] Endgame KRR-KRB} Rd8 38. Bg4 (38. b4 {was worth a try.}) 38... Rd4 39. Rg3 Rad6 40. Kc2 Rc6+ 41. Kb1 Rf4 42. b4 Rf2 43. b5 Rd6 44. Kc1 Rd5 45. Rb3 {Now b6 and White clings on.} Rd4 46. Bf3 g4 {Played: Rd4-f4} 0-1